000 01441cam a22003857a 4500
003 CHAP
005 20220817043822.0
008 010920d2001 mx r 00110 spa d
010 _a85242
011 _a86214
035 _a96752
040 _cCHAP
090 _aTesis
100 0 0 _aMárquez García, Roberto Eli.
_976312
245 1 0 _aAnálisis de indicadores y factores asociados a la productividad en granjas porcinas de ciclo completo
_c/por Roberto Eli Márquez García
260 _aChapingo, Méx. :
_bEl autor,
_c2001.
300 _a200 h.
502 _aTesis (M.C. en Producción Animal) -- UACH. Departamento de Zootecnia. Postgrado en Producción Animal
590 _aALEPH
_b10
_c20130110
_lUCH01
_h1445
590 _aBATCH-UPD
_b10
_c20130109
_lUCH01
_h2348
590 _aBATCH-UPD
_b10
_c20130110
_lUCH01
_h0712
590 _aBATCH-UPD
_b10
_c20130409
_lUCH01
_h1919
590 _aBATCH-UPD
_b10
_c20130410
_lUCH01
_h0358
590 _aBATCH-UPD
_b10
_c20130914
_lUCH01
_h1523
590 _aCONVERSION
_b10
_c20130109
_lUCH01
_h1347
650 1 4 _aGanado porcino
_xJalisco.
_945378
650 1 4 _aGanado porcino
_xProducción.
_945399
650 1 4 _aProcesamiento automático de datos en ganadería.
740 0 0 _aAGROPEC-Star
901 _aBK
905 _aAlejandra Carrasco M.
942 _cFOLL
949 _aTesis
_bBC
_cTES
_d33724000860458
_eTS2
_fc.2
_h39121
_i96752
_si
949 _aTesis
_bBC
_cTES
_d967521
_eTS1
_h39120
_i96752
_sb
999 _c85242
_d85242